|
|
|
|
| LEADER |
01160nam a2200361 4500 |
| 001 |
000012984 |
| 003 |
9312 |
| 005 |
20120306080326.0 |
| 008 |
120306s1997 viesd |
| 020 |
|
|
|c 0đ
|
| 041 |
0 |
|
|a vie
|
| 082 |
|
|
|a 005.2
|b NG-T
|
| 100 |
0 |
|
|a Nguyễn, Quang Tấn
|
| 245 |
|
0 |
|a Hướng dẫn sử dụng Microsoft Visual FoxPro 3.0
|c Nguyễn Quang Tấn
|
| 260 |
|
|
|a TP Hồ Chí Minh
|b Thống kê
|c 1997
|
| 300 |
|
|
|a 343 tr.
|c 21 cm
|
| 490 |
|
|
|a Tủ sách tin học ứng dụng
|
| 500 |
|
|
|a Trường ĐHDL Tin học và Ngoại ngữ TP Hồ Chí Minh
|
| 653 |
|
|
|a Microsof
|
| 653 |
|
|
|a Visual
|
| 653 |
|
|
|a Foxpro 3.0
|
| 653 |
|
|
|a Tin học
|
| 910 |
|
|
|a duyên
|
| OWN |
|
|
|a LSP
|
| AVA |
|
|
|a UDN50
|b LSP
|d 005.2 NG-T
|e available
|t Error 5001 Not defined in file expand_doc_bib_avail.
|f 3
|g 0
|h N
|i 0
|k 1
|
| 999 |
|
|
|a From the UDN01
|
| AVA |
|
|
|a UDN50
|b LSP
|d 005.2 NG-T
|e available
|t Error 5001 Not defined in file expand_doc_bib_avail.
|f 3
|g 0
|h N
|i 0
|k 1
|
| TYP |
|
|
|a Monograph
|
| TYP |
|
|
|a Printed language
|
| 980 |
|
|
|a Mạng thư viện Đại học Đà Nẵng
|